[Event "Montcalm 6 2006-07"]
[Site "Quebec CAN"]
[Date "2007.04.12"]
[Round "3"]
[White "Audet-Bouchard, Nicolas"]
[Black "Auger, Bertrand"]
[Result "1-0"]
[WhiteElo "2226"]
[BlackElo "2080"]
[PlyCount "79"]
[GameId "2160767910701521"]
[EventDate "2007.03.29"]
[EventType "swiss"]
[EventRounds "5"]
[EventCountry "CAN"]
[SourceTitle "EXT 2022"]
[Source "ChessBase"]
[SourceDate "2021.10.06"]
[SourceVersion "1"]
[SourceVersionDate "2021.10.06"]
[SourceQuality "1"]

1. c4 Nf6 2. Nc3 c5 3. g3 g6 4. Bg2 Bg7 5. e3 O-O 6. Nge2 Nc6 7. O-O d6 8. d4 cxd4 9. Nxd4 Bd7 10. b3 Nxd4 11. exd4 Bc6 12. d5 Bd7 13. Bb2 Bg4 14. Qd2 Qd7 15. Rfe1 Bh3 16. Ne4 Nxe4 17. Rxe4 Bxg2 18. Kxg2 Bxb2 19. Qxb2 e5 20. dxe6 Qc6 21. exf7+ Rxf7 22. Rae1 Raf8 23. f4 g5 24. fxg5 Re8 25. Qd4 Rfe7 26. Kf3 h5 27. Qd5+ Rf7+ 28. Kg2 Ref8 29. Qxc6 Rf2+ 30. Kh3 bxc6 31. R1e2 d5 32. cxd5 cxd5 33. Rxf2 Rxf2 34. Ra4 Kg7 35. g4 h4 36. Kxh4 Rxh2+ 37. Kg3 Rd2 38. Kf4 d4 39. Rxa7+ Kg6 40. Ra6+ 1-0

[Event "Montcalm 6 2006-07"]
[Site "Quebec CAN"]
[Date "2007.04.12"]
[Round "3"]
[White "Caron, Sebastien"]
[Black "Chiffot, Nicolas"]
[Result "1/2-1/2"]
[WhiteElo "1918"]
[BlackElo "1877"]
[PlyCount "88"]
[GameId "2160767910701522"]
[EventDate "2007.03.29"]
[EventType "swiss"]
[EventRounds "5"]
[EventCountry "CAN"]
[SourceTitle "EXT 2022"]
[Source "ChessBase"]
[SourceDate "2021.10.06"]
[SourceVersion "1"]
[SourceVersionDate "2021.10.06"]
[SourceQuality "1"]

1. e4 d6 2. d4 g6 3. c4 Bg7 4. Nc3 Nf6 5. f3 e5 6. Be3 Nh5 7. Nge2 c6 8. Qd2 a6 9. dxe5 dxe5 10. Qxd8+ Kxd8 11. g4 Nf6 12. Bb6+ Ke8 13. h4 h5 14. g5 Nfd7 15. Na4 a5 16. Nec3 Nf8 17. Nc5 Ne6 18. Rd1 Nd4 19. Kf2 Nd7 20. Nxd7 Bxd7 21. Ne2 Ne6 22. Nc3 Nd4 23. Bh3 Bxh3 24. Rxh3 Ne6 25. Na4 Bf8 26. Be3 Be7 27. Rhh1 Rd8 28. Rxd8+ Bxd8 29. Nc5 Nxc5 30. Bxc5 Be7 31. Be3 Kd7 32. Rd1+ Kc8 33. Bb6 Bd8 34. Rxd8+ Rxd8 35. Bxd8 Kxd8 36. Ke3 b6 37. a4 Kd7 38. f4 Kd6 39. fxe5+ Kxe5 40. b3 c5 41. Kf3 Kd6 42. Kf4 Ke6 43. e5 Ke7 44. Ke3 Kd7 1/2-1/2

[Event "Montcalm 6 2006-07"]
[Site "Quebec CAN"]
[Date "2007.04.12"]
[Round "3"]
[White "Lessard, Claude"]
[Black "Sauve, Richard"]
[Result "0-1"]
[WhiteElo "1990"]
[BlackElo "1976"]
[PlyCount "62"]
[GameId "2160767910701523"]
[EventDate "2007.03.29"]
[EventType "swiss"]
[EventRounds "5"]
[EventCountry "CAN"]
[SourceTitle "EXT 2022"]
[Source "ChessBase"]
[SourceDate "2021.10.06"]
[SourceVersion "1"]
[SourceVersionDate "2021.10.06"]
[SourceQuality "1"]

1. d4 e6 2. Nf3 Nf6 3. g3 d5 4. c4 Be7 5. Bg2 O-O 6. O-O Nbd7 7. Nc3 dxc4 8. e4 c6 9. Qe2 b5 10. Ne5 Bb7 11. Nxd7 Qxd7 12. e5 Nd5 13. Nxd5 cxd5 14. f4 Kh8 15. Bh3 g6 16. g4 Rg8 17. g5 b4 18. Rf3 Rac8 19. Bg4 c3 20. Rh3 Kg7 21. Qe1 Rh8 22. bxc3 bxc3 23. Be2 Qa4 24. Qf2 Ba6 25. Bf3 Qc4 26. f5 gxf5 27. g6 hxg6 28. Rxh8 Rxh8 29. Rb1 Bh4 30. Qg2 Qxd4+ 31. Kh1 Qxe5 0-1

[Event "Montcalm 6 2006-07"]
[Site "Quebec CAN"]
[Date "2007.04.12"]
[Round "3"]
[White "Perreault, Jacquelin"]
[Black "Lim, Chin1"]
[Result "1-0"]
[WhiteElo "1864"]
[BlackElo "1597"]
[PlyCount "81"]
[GameId "2160767910701524"]
[EventDate "2007.03.29"]
[EventType "swiss"]
[EventRounds "5"]
[EventCountry "CAN"]
[SourceTitle "EXT 2022"]
[Source "ChessBase"]
[SourceDate "2021.10.06"]
[SourceVersion "1"]
[SourceVersionDate "2021.10.06"]
[SourceQuality "1"]

1. e4 Nf6 2. e5 Nd5 3. d4 d6 4. Nf3 Bg4 5. Be2 Nc6 6. c4 Nb6 7. exd6 cxd6 8. Nc3 g6 9. h3 Bxf3 10. Bxf3 Bg7 11. Bxc6+ bxc6 12. b3 Rb8 13. Be3 O-O 14. Qd2 e5 15. O-O Qh4 16. Rad1 f5 17. Bg5 Qxd4 18. Qc2 Qc5 19. Be7 Rbd8 20. Na4 Nxa4 21. bxa4 Rd7 22. Bxf8 Kxf8 23. Qb3 Ke7 24. Rb1 d5 25. cxd5 cxd5 26. Rfc1 Qd6 27. Qb5 e4 28. Rc6 Qf4 29. Qc5+ Kf7 30. Rd1 Bf8 31. Qb5 Qe5 32. Rf6+ Kxf6 33. Qxd7 Bd6 34. Qd8+ Kf7 35. Qd7+ Kf6 36. g3 e3 37. f4 Qe6 38. Qd8+ Kg7 39. Rb1 d4 40. Rb7+ Kh6 41. Qh4# 1-0

[Event "Montcalm 6 2006-07"]
[Site "Quebec CAN"]
[Date "2007.04.19"]
[Round "4"]
[White "Chiffot, Nicolas"]
[Black "Audet-Bouchard, Nicolas"]
[Result "0-1"]
[WhiteElo "1877"]
[BlackElo "2226"]
[PlyCount "62"]
[GameId "2160767910701525"]
[EventDate "2007.03.29"]
[EventType "swiss"]
[EventRounds "5"]
[EventCountry "CAN"]
[SourceTitle "EXT 2022"]
[Source "ChessBase"]
[SourceDate "2021.10.06"]
[SourceVersion "1"]
[SourceVersionDate "2021.10.06"]
[SourceQuality "1"]

1. d4 Nf6 2. Nf3 d6 3. c4 Nbd7 4. Nc3 e5 5. g3 Be7 6. Bg2 c6 7. e4 O-O 8. O-O Re8 9. h3 a6 10. a4 a5 11. Be3 Qc7 12. Nh2 exd4 13. Qxd4 Nc5 14. Rad1 Nfd7 15. f4 Bf6 16. e5 dxe5 17. Qd2 exf4 18. Bxf4 Ne5 19. Ng4 Bxg4 20. hxg4 Qb6 21. Bxe5 Nb3+ 22. Qf2 Qxf2+ 23. Rxf2 Bxe5 24. Rd7 Bd4 25. Rxb7 Nc5 26. Rc7 Re1+ 27. Bf1 Nd3 28. Rd7 Bxf2+ 29. Kg2 Nc5 30. Kxf2 Rxf1+ 31. Kxf1 Nxd7 0-1

[Event "Montcalm 6 2006-07"]
[Site "Quebec CAN"]
[Date "2007.04.19"]
[Round "4"]
[White "Gaudreau, Eric"]
[Black "Perreault, Jacquelin"]
[Result "1-0"]
[WhiteElo "1638"]
[BlackElo "1864"]
[PlyCount "117"]
[GameId "2160767910701526"]
[EventDate "2007.03.29"]
[EventType "swiss"]
[EventRounds "5"]
[EventCountry "CAN"]
[SourceTitle "EXT 2022"]
[Source "ChessBase"]
[SourceDate "2021.10.06"]
[SourceVersion "1"]
[SourceVersionDate "2021.10.06"]
[SourceQuality "1"]

1. c4 f5 2. Nc3 Nf6 3. g3 e6 4. Bg2 Be7 5. b3 d6 6. Bb2 c6 7. Nh3 O-O 8. d4 d5 9. O-O Qe8 10. f3 Bd7 11. e4 dxe4 12. fxe4 Ng4 13. Qd3 Qh5 14. exf5 exf5 15. Ne2 Na6 16. a3 Nc7 17. Nef4 Qh6 18. d5 Bc5+ 19. Bd4 Bxd4+ 20. Qxd4 cxd5 21. Nxd5 Nxd5 22. Qxd5+ Be6 23. Qf3 Qe3+ 24. Qxe3 Nxe3 25. Rf2 Nxg2 26. Kxg2 Bd7 27. Nf4 Bc6+ 28. Nd5 Rad8 29. Rd1 Rf7 30. Rfd2 Rfd7 31. Kf2 Bxd5 32. Rxd5 Rxd5 33. Rxd5 Rxd5 34. cxd5 Kf7 35. Ke3 Ke7 36. Kf4 Kd6 37. Kxf5 Kxd5 38. g4 a6 39. g5 b6 40. h4 Kd6 41. h5 Ke7 42. Ke5 Kd7 43. b4 Ke7 44. a4 Kd7 45. Kd5 Ke7 46. Kc6 b5 47. axb5 axb5 48. Kxb5 Ke6 49. Kc6 Kf5 50. b5 Kxg5 51. b6 Kxh5 52. b7 g5 53. b8=Q Kh4 54. Qh2+ Kg4 55. Qxh7 Kg3 56. Kd5 g4 57. Ke4 Kg2 58. Kf4 g3 59. Qg6 1-0

[Event "Montcalm 6 2006-07"]
[Site "Quebec CAN"]
[Date "2007.04.19"]
[Round "4"]
[White "Lessard, Claude"]
[Black "Caron, Sebastien"]
[Result "1-0"]
[WhiteElo "1990"]
[BlackElo "1918"]
[PlyCount "82"]
[GameId "2160767910701527"]
[EventDate "2007.03.29"]
[EventType "swiss"]
[EventRounds "5"]
[EventCountry "CAN"]
[SourceTitle "EXT 2022"]
[Source "ChessBase"]
[SourceDate "2021.10.06"]
[SourceVersion "1"]
[SourceVersionDate "2021.10.06"]
[SourceQuality "1"]

1. d4 Nf6 2. Bg5 Ne4 3. Bf4 g5 4. Be5 Rg8 5. f3 Nd6 6. e4 Bg7 7. Bd3 Kf8 8. Bxg7+ Rxg7 9. c4 Nc6 10. e5 Ne8 11. Ne2 d6 12. exd6 exd6 13. Nbc3 f5 14. Qd2 Nf6 15. O-O-O d5 16. h4 dxc4 17. Bxc4 g4 18. Nf4 Ne7 19. h5 h6 20. Rhe1 a5 21. Be6 Ra6 22. d5 Rh7 23. Qd4 Ne8 24. Bxc8 Qxc8 25. fxg4 fxg4 26. Ne6+ Kg8 27. Qxg4+ Rg7 28. Qf4 Rf7 29. Qxh6 Ng7 30. Qg5 Kh8 31. Qe5 Kg8 32. Ng5 Rf2 33. Qxe7 Qf5 34. Qd8+ Qf8 35. Qxf8+ Rxf8 36. g4 Rb6 37. Re7 Rf2 38. b3 Rg2 39. Rxc7 Rf6 40. Rc8+ Rf8 41. Rxf8+ Kxf8 1-0

[Event "Montcalm 6 2006-07"]
[Site "Quebec CAN"]
[Date "2007.04.19"]
[Round "4"]
[White "Sauve, Richard"]
[Black "Auger, Bertrand"]
[Result "1-0"]
[WhiteElo "1976"]
[BlackElo "2080"]
[PlyCount "43"]
[GameId "2160767910701528"]
[EventDate "2007.03.29"]
[EventType "swiss"]
[EventRounds "5"]
[EventCountry "CAN"]
[SourceTitle "EXT 2022"]
[Source "ChessBase"]
[SourceDate "2021.10.06"]
[SourceVersion "1"]
[SourceVersionDate "2021.10.06"]
[SourceQuality "1"]

1. d4 Nf6 2. c4 e6 3. Nc3 Bb4 4. Qc2 O-O 5. a3 Bxc3+ 6. Qxc3 b6 7. Bg5 Bb7 8. f3 h6 9. Bh4 c5 10. dxc5 bxc5 11. e3 g5 12. Bg3 Qe7 13. O-O-O d5 14. h4 g4 15. Bf4 gxf3 16. gxf3 d4 17. exd4 cxd4 18. Qxd4 Nc6 19. Qe3 Rfc8 20. Bxh6 Nh7 21. Nh3 Na5 22. Rg1+ 1-0

[Event "Montcalm 6 2006-07"]
[Site "Quebec CAN"]
[Date "2007.04.26"]
[Round "5"]
[White "Audet-Bouchard, Nicolas"]
[Black "Lessard, Claude"]
[Result "1-0"]
[WhiteElo "2226"]
[BlackElo "1990"]
[PlyCount "89"]
[GameId "2160767910701529"]
[EventDate "2007.03.29"]
[EventType "swiss"]
[EventRounds "5"]
[EventCountry "CAN"]
[SourceTitle "EXT 2022"]
[Source "ChessBase"]
[SourceDate "2021.10.06"]
[SourceVersion "1"]
[SourceVersionDate "2021.10.06"]
[SourceQuality "1"]

1. e4 c5 2. Nf3 d6 3. Bb5+ Bd7 4. Bxd7+ Qxd7 5. O-O e5 6. c3 Nf6 7. Re1 Qc6 8. d4 Nbd7 9. d5 Qa6 10. b3 h6 11. c4 g5 12. Nc3 Qa5 13. Bd2 Qd8 14. Be3 Be7 15. Nd2 Nf8 16. Nf1 Ng6 17. Ng3 Nh4 18. a3 Qd7 19. b4 b6 20. bxc5 bxc5 21. Rb1 O-O 22. Qa4 Qxa4 23. Nxa4 Rfb8 24. f3 Nd7 25. Nf1 f5 26. Nd2 f4 27. Bf2 Ng6 28. Rb5 a6 29. Rxb8+ Rxb8 30. Rb1 Rxb1+ 31. Nxb1 Bd8 32. Be1 Ne7 33. Bc3 Kf7 34. g4 Ng6 35. Kf2 Ke7 36. Nd2 Nb6 37. Nb2 Kd7 38. Nb3 Ne7 39. Bxe5 dxe5 40. Nxc5+ Kd6 41. Nxa6 Nd7 42. c5+ Nxc5 43. Nc4+ Kd7 44. Nxc5+ Kc8 45. Nd3 1-0

[Event "Montcalm 6 2006-07"]
[Site "Quebec CAN"]
[Date "2007.04.26"]
[Round "5"]
[White "Auger, Bertrand"]
[Black "Chiffot, Nicolas"]
[Result "1-0"]
[WhiteElo "2080"]
[BlackElo "1877"]
[PlyCount "97"]
[GameId "2160767910701530"]
[EventDate "2007.03.29"]
[EventType "swiss"]
[EventRounds "5"]
[EventCountry "CAN"]
[SourceTitle "EXT 2022"]
[Source "ChessBase"]
[SourceDate "2021.10.06"]
[SourceVersion "1"]
[SourceVersionDate "2021.10.06"]
[SourceQuality "1"]

1. Nf3 Nf6 2. g3 g6 3. b4 Bg7 4. Bb2 O-O 5. Bg2 d6 6. c4 e5 7. d3 Nh5 8. Qc2 f5 9. Nbd2 Nd7 10. O-O c6 11. e4 Ndf6 12. c5 d5 13. Bxe5 fxe4 14. dxe4 Re8 15. exd5 Rxe5 16. Nxe5 Nxd5 17. Ndc4 Nxb4 18. Qb3 Nd5 19. Rad1 Qe7 20. Bxd5+ cxd5 21. Rxd5 Be6 22. Rd6 Bxe5 23. Rxe6 Qxe6 24. Re1 Rf8 25. Rxe5 Qf6 26. Ne3+ Kh8 27. Ng4 Qf7 28. Qb2 Ng7 29. Nh6 Qf3 30. Qd4 Qf6 31. Qe3 Rd8 32. Qe2 Nf5 33. Nxf5 gxf5 34. Re8+ Rxe8 35. Qxe8+ Kg7 36. Qd7+ Qf7 37. Qxf7+ Kxf7 38. Kf1 Ke6 39. Ke2 Kd5 40. Ke3 Kxc5 41. Kf4 b5 42. Kxf5 a5 43. Ke4 b4 44. Kd3 Kd5 45. f4 a4 46. g4 Kc5 47. f5 Kd5 48. f6 Ke6 49. g5 1-0

[Event "Montcalm 6 2006-07"]
[Site "Quebec CAN"]
[Date "2007.04.26"]
[Round "5"]
[White "Caron, Sebastien"]
[Black "Sauve, Richard"]
[Result "1/2-1/2"]
[WhiteElo "1918"]
[BlackElo "1976"]
[PlyCount "152"]
[GameId "2160767910701531"]
[EventDate "2007.03.29"]
[EventType "swiss"]
[EventRounds "5"]
[EventCountry "CAN"]
[SourceTitle "EXT 2022"]
[Source "ChessBase"]
[SourceDate "2021.10.06"]
[SourceVersion "1"]
[SourceVersionDate "2021.10.06"]
[SourceQuality "1"]

1. e4 e6 2. d4 d5 3. Nd2 Nf6 4. e5 Nfd7 5. f4 c5 6. c3 Nc6 7. Ndf3 Qa5 8. Kf2 cxd4 9. cxd4 Be7 10. g3 f5 11. Bh3 O-O 12. g4 g6 13. gxf5 gxf5 14. Ne2 Kh8 15. Rg1 Rg8 16. Rxg8+ Kxg8 17. Qg1+ Kh8 18. Ng5 Bxg5 19. Qxg5 Qd8 20. Qh6 Qg8 21. Be3 Qg6 22. Qh4 Nf8 23. Rg1 Qf7 24. Ng3 Ng6 25. Qh6 Qf8 26. Qg5 Qe7 27. Nh5 Qxg5 28. Rxg5 Bd7 29. Nf6 Be8 30. Bf1 Bf7 31. Rg1 Rc8 32. Bd3 Nb4 33. Bb1 Rc4 34. b3 Rc7 35. a3 Na6 36. Bd2 Nb8 37. Bd3 Nf8 38. Bb4 Ng6 39. Ke3 Rc8 40. h4 Nc6 41. h5 Nge7 42. Be1 Ng8 43. Bh4 Nce7 44. Kd2 a6 45. a4 Rf8 46. Nd7 Rd8 47. Nf6 Rf8 48. Nd7 Rd8 49. Nc5 Rb8 50. Be2 h6 51. Ke3 Kh7 52. Bf6 Nxf6 53. exf6 Rg8 54. Rg7+ Rxg7 55. fxg7 b5 56. axb5 axb5 57. Bxb5 Bxh5 58. Nxe6 Bf7 59. Nd8 Kxg7 60. Bd7 Kf8 61. Ne6+ Bxe6 62. Bxe6 Ke8 63. b4 Kd8 64. b5 Kc7 65. Kf3 Kb6 66. Bd7 Kc7 67. Be8 Nc8 68. Bf7 Nd6 69. Bxd5 Nxb5 70. Ke3 Kd6 71. Bc4 Nc7 72. Bd3 Ke6 73. Kf3 Ne8 74. Bc4+ Kf6 75. Kg3 Nd6 76. Bd3 Ne8 1/2-1/2

[Event "Montcalm 6 2006-07"]
[Site "Quebec CAN"]
[Date "2007.04.26"]
[Round "5"]
[White "Cournoyer, Dominic"]
[Black "Monga, Alain"]
[Result "0-1"]
[WhiteElo "1874"]
[BlackElo "1716"]
[PlyCount "64"]
[GameId "2160767910701532"]
[EventDate "2007.03.29"]
[EventType "swiss"]
[EventRounds "5"]
[EventCountry "CAN"]
[SourceTitle "EXT 2022"]
[Source "ChessBase"]
[SourceDate "2021.10.06"]
[SourceVersion "1"]
[SourceVersionDate "2021.10.06"]
[SourceQuality "1"]

1. Na3 Nf6 2. c4 c6 3. Nc2 d5 4. e3 e5 5. Nf3 Bd6 6. Be2 Nbd7 7. O-O Qc7 8. h3 g5 9. Nxg5 h6 10. Nf3 e4 11. Nfd4 Ne5 12. cxd5 Bxh3 13. f4 exf3 14. Bxf3 Rg8 15. dxc6 bxc6 16. Ne1 Bc5 17. b4 Bxd4 18. exd4 Neg4 19. Qe2+ Kf8 20. gxh3 Re8 21. Qg2 Nh2 22. Bg4 Nxf1 23. d3 Ne3 24. Bxe3 Rxe3 25. Kh1 h5 26. Qf2 Nxg4 27. hxg4 Rh3+ 28. Kg1 Rxg4+ 29. Ng2 Qh2+ 30. Kf1 Qh1+ 31. Qg1 Rf3+ 32. Ke2 Rxg2+ 0-1

[Event "Montcalm 7 2006-07"]
[Site "Quebec CAN"]
[Date "2007.05.03"]
[Round "1"]
[White "Plante, Rejean"]
[Black "Belanger, Jean Sebastien"]
[Result "1-0"]
[WhiteElo "2074"]
[BlackElo "1449"]
[PlyCount "61"]
[GameId "2160767910684689"]
[EventDate "2007.05.03"]
[EventType "swiss"]
[EventRounds "5"]
[EventCountry "CAN"]
[SourceTitle "EXT 2022"]
[Source "ChessBase"]
[SourceDate "2021.10.06"]
[SourceVersion "1"]
[SourceVersionDate "2021.10.06"]
[SourceQuality "1"]

1. d4 d5 2. c4 dxc4 3. Nc3 Nf6 4. e4 Bg4 5. f3 Bh5 6. Bxc4 e6 7. Be3 Nbd7 8. Nge2 Nb6 9. Bd3 Bb4 10. O-O Qd7 11. Rc1 h6 12. a3 Be7 13. Nf4 g5 14. Nxh5 Nxh5 15. d5 a6 16. Qb3 Nf4 17. Rfd1 Nxd3 18. Rxd3 Qd6 19. Rcd1 e5 20. Rc1 Rc8 21. Ne2 O-O 22. Ng3 Qg6 23. Rdc3 Na8 24. Nf5 Bd6 25. Nxd6 Qxd6 26. Bc5 Qg6 27. Bxf8 Rxf8 28. Qxb7 g4 29. Qc6 Qg5 30. fxg4 Qxg4 31. Rg3 1-0

[Event "Montcalm 7 2006-07"]
[Site "Quebec CAN"]
[Date "2007.05.17"]
[Round "3"]
[White "Boutin, Andre"]
[Black "Cummins, Paul"]
[Result "0-1"]
[WhiteElo "1317"]
[BlackElo "1708"]
[PlyCount "34"]
[GameId "2160767910684691"]
[EventDate "2007.05.03"]
[EventType "swiss"]
[EventRounds "5"]
[EventCountry "CAN"]
[SourceTitle "EXT 2022"]
[Source "ChessBase"]
[SourceDate "2021.10.06"]
[SourceVersion "1"]
[SourceVersionDate "2021.10.06"]
[SourceQuality "1"]

1. e4 e5 2. Nf3 d6 3. d4 Bg4 4. dxe5 Nd7 5. exd6 Bxd6 6. Nbd2 Ngf6 7. Be2 Qe7 8. Nc4 Bc5 9. O-O O-O-O 10. Nfd2 h5 11. h3 Ne5 12. Nxe5 Qxe5 13. Bf3 Nxe4 14. Bxg4+ f5 15. Bf3 Bd6 16. g3 Nxg3 17. Nc4 Ne2+ 0-1

[Event "Montcalm 7 2006-07"]
[Site "Quebec CAN"]
[Date "2007.05.17"]
[Round "3"]
[White "Plante, Rejean"]
[Black "Chiffot, Nicolas"]
[Result "1-0"]
[WhiteElo "2074"]
[BlackElo "1801"]
[PlyCount "75"]
[GameId "2160767910684692"]
[EventDate "2007.05.03"]
[EventType "swiss"]
[EventRounds "5"]
[EventCountry "CAN"]
[SourceTitle "EXT 2022"]
[Source "ChessBase"]
[SourceDate "2021.10.06"]
[SourceVersion "1"]
[SourceVersionDate "2021.10.06"]
[SourceQuality "1"]

1. d4 Nf6 2. c4 g6 3. g3 Bg7 4. Bg2 d6 5. Nf3 O-O 6. Nc3 Nbd7 7. O-O e5 8. d5 a5 9. e4 Nc5 10. Ne1 Nh5 11. Nd3 Nxd3 12. Qxd3 f5 13. f3 f4 14. g4 Nf6 15. Bd2 g5 16. Qe2 h5 17. h3 Kf7 18. Kf2 Rh8 19. Rh1 c6 20. Kf1 Rh6 21. Be1 Bd7 22. Bf2 Qh8 23. Rg1 Qe8 24. Qd1 c5 25. h4 Nh7 26. hxg5 Nxg5 27. gxh5 Rxh5 28. Qb3 Rb8 29. Qb6 Bf8 30. Qxa5 Qc8 31. Qb6 Rh2 32. Ke2 Bh3 33. Bf1 Bxf1+ 34. Raxf1 Be7 35. Nb5 Qh3 36. Nxd6+ Kf8 37. Rxg5 Bxg5 38. Qc7 1-0

[Event "Montcalm 7 2006-07"]
[Site "Quebec CAN"]
[Date "2007.05.24"]
[Round "4"]
[White "Cournoyer, Dominic"]
[Black "Plante, Rejean"]
[Result "1/2-1/2"]
[WhiteElo "1820"]
[BlackElo "2074"]
[PlyCount "74"]
[GameId "2160767910684693"]
[EventDate "2007.05.03"]
[EventType "swiss"]
[EventRounds "5"]
[EventCountry "CAN"]
[SourceTitle "EXT 2022"]
[Source "ChessBase"]
[SourceDate "2021.10.06"]
[SourceVersion "1"]
[SourceVersionDate "2021.10.06"]
[SourceQuality "1"]

1. f4 Nf6 2. Nf3 g6 3. b3 Bg7 4. Bb2 O-O 5. e3 c5 6. Be2 Nc6 7. O-O d5 8. h3 d4 9. exd4 Nd5 10. Ne5 cxd4 11. Nxc6 bxc6 12. Bd3 Nb4 13. Qe2 Nxc2 14. Na3 Nxa1 15. Bxa1 Bf5 16. Nc4 Bxd3 17. Qxd3 Qd5 18. f5 Bf6 19. Bb2 Rab8 20. Qg3 Kh8 21. fxg6 fxg6 22. Qc7 c5 23. Ba3 Rbc8 24. Qg3 d3 25. Re1 Qd4+ 26. Re3 Qa1+ 27. Re1 Bd4+ 28. Kh2 Qxa2 29. Qxd3 Rb8 30. Qe4 Qxb3 31. Bxc5 Bxc5 32. Qe5+ Kg8 33. Qxc5 Rf5 34. Qxa7 Rb7 35. Qd4 Qb4 36. Qd8+ Kg7 37. Qd4+ Kf7 1/2-1/2

[Event "Montcalm 7 2006-07"]
[Site "Quebec CAN"]
[Date "2007.05.24"]
[Round "4"]
[White "Cummins, Paul"]
[Black "Lapierre, Gaetan"]
[Result "1-0"]
[WhiteElo "1708"]
[BlackElo "1937"]
[PlyCount "71"]
[GameId "2160767910684694"]
[EventDate "2007.05.03"]
[EventType "swiss"]
[EventRounds "5"]
[EventCountry "CAN"]
[SourceTitle "EXT 2022"]
[Source "ChessBase"]
[SourceDate "2021.10.06"]
[SourceVersion "1"]
[SourceVersionDate "2021.10.06"]
[SourceQuality "1"]

1. e4 d6 2. d4 Nf6 3. f3 e5 4. Ne2 Be7 5. c4 c6 6. Nbc3 O-O 7. Qb3 Nbd7 8. Be3 Re8 9. Rd1 Bf8 10. Nc1 a6 11. Nd3 Qe7 12. a4 g6 13. Be2 Bg7 14. d5 cxd5 15. cxd5 Nh5 16. O-O f5 17. a5 f4 18. Bf2 Bf6 19. Na4 Bh4 20. Rc1 Bg3 21. Bxg3 fxg3 22. h3 Qh4 23. Rxc8 Rexc8 24. Qxb7 Qd8 25. f4 Nxf4 26. Nxf4 exf4 27. Rxf4 Rc7 28. Qb3 Nc5 29. Nxc5 Rxc5 30. Qxg3 Rxa5 31. Bg4 Ra1+ 32. Kh2 Qa5 33. Be6+ Kh8 34. Qh4 Qd8 35. Qh6 Rc1 36. Rf7 1-0

[Event "Montcalm 7 2006-07"]
[Site "Quebec CAN"]
[Date "2007.05.31"]
[Round "5"]
[White "Plante, Rejean"]
[Black "Cummins, Paul"]
[Result "1-0"]
[WhiteElo "2074"]
[BlackElo "1708"]
[PlyCount "51"]
[GameId "2160767910684695"]
[EventDate "2007.05.03"]
[EventType "swiss"]
[EventRounds "5"]
[EventCountry "CAN"]
[SourceTitle "EXT 2022"]
[Source "ChessBase"]
[SourceDate "2021.10.06"]
[SourceVersion "1"]
[SourceVersionDate "2021.10.06"]
[SourceQuality "1"]

1. d4 c5 2. d5 e5 3. e4 d6 4. c4 Be7 5. Bd3 Bg5 6. Nd2 Ne7 7. Ne2 Ng6 8. O-O O-O 9. Nf3 Bxc1 10. Rxc1 Bg4 11. Ng3 Nf4 12. Bb1 Qf6 13. Rc3 g6 14. h3 Bd7 15. Ne2 g5 16. Nxg5 h6 17. Nxf4 exf4 18. Nf3 Kh8 19. Nh2 Rg8 20. Kh1 Qh4 21. Rf3 Na6 22. Qd2 Rg7 23. Qxf4 Qxf4 24. Rxf4 Rag8 25. g4 h5 26. f3 1-0

[Event "Montcalm op"]
[Site "Quebec CAN"]
[Date "2007.01.05"]
[Round "1"]
[White "Archambault, Serge"]
[Black "St Amand, Paul Jr"]
[Result "0-1"]
[WhiteElo "1801"]
[BlackElo "2056"]
[PlyCount "44"]
[GameId "2160767910739452"]
[EventDate "2007.01.05"]
[EventType "swiss"]
[EventRounds "5"]
[EventCountry "CAN"]
[SourceTitle "EXT 2022"]
[Source "ChessBase"]
[SourceDate "2021.10.06"]
[SourceVersion "1"]
[SourceVersionDate "2021.10.06"]
[SourceQuality "1"]

1. d4 Nf6 2. c4 e5 3. d5 Bc5 4. e3 O-O 5. Nc3 d6 6. Be2 c6 7. Qc2 cxd5 8. cxd5 Re8 9. Nf3 e4 10. Nd2 Bf5 11. b3 Nbd7 12. Nc4 Rc8 13. Bd2 a6 14. Qb2 b5 15. b4 bxc4 16. bxc5 Rxc5 17. Na4 Rc8 18. Qd4 Ne5 19. Nb6 c3 20. Nxc8 cxd2+ 21. Kxd2 Qa5+ 22. Qc3 Qxd5+ 0-1

[Event "Montcalm op"]
[Site "Quebec CAN"]
[Date "2007.01.05"]
[Round "1"]
[White "Caire, Francois"]
[Black "Dion, Jean-Francois"]
[Result "1-0"]
[WhiteElo "2240"]
[BlackElo "1905"]
[PlyCount "63"]
[GameId "2160767910739453"]
[EventDate "2007.01.05"]
[EventType "swiss"]
[EventRounds "5"]
[EventCountry "CAN"]
[SourceTitle "EXT 2022"]
[Source "ChessBase"]
[SourceDate "2021.10.06"]
[SourceVersion "1"]
[SourceVersionDate "2021.10.06"]
[SourceQuality "1"]

1. d4 Nf6 2. c4 g6 3. Nc3 Bg7 4. e4 d6 5. f3 O-O 6. Be3 e5 7. Nge2 Nc6 8. d5 Ne7 9. Qd2 Ne8 10. g4 f5 11. gxf5 gxf5 12. O-O-O Nf6 13. Kb1 Kh8 14. Rg1 f4 15. Bf2 a6 16. c5 Bd7 17. Nc1 Rg8 18. Nb3 Qe8 19. Na5 dxc5 20. Nxb7 Qh5 21. Bxc5 Rgb8 22. Bxe7 Rxb7 23. Qf2 Rab8 24. Rd2 Qf7 25. Bc5 Bf8 26. Bxa6 Bxc5 27. Qxc5 Rb6 28. Qxc7 Qf8 29. Bc4 R8b7 30. Qxe5 Qc5 31. Rdg2 Rxb2+ 32. Ka1 1-0

[Event "Montcalm op"]
[Site "Quebec CAN"]
[Date "2007.01.05"]
[Round "1"]
[White "Caron, Sebastien"]
[Black "Tremblay, Rejean"]
[Result "0-1"]
[WhiteElo "1917"]
[BlackElo "2276"]
[PlyCount "72"]
[GameId "2160767910739454"]
[EventDate "2007.01.05"]
[EventType "swiss"]
[EventRounds "5"]
[EventCountry "CAN"]
[SourceTitle "EXT 2022"]
[Source "ChessBase"]
[SourceDate "2021.10.06"]
[SourceVersion "1"]
[SourceVersionDate "2021.10.06"]
[SourceQuality "1"]

1. e4 c5 2. Nf3 d6 3. d4 cxd4 4. Nxd4 Nf6 5. Nc3 a6 6. Bg5 e6 7. f4 Qb6 8. Qd2 Qxb2 9. Nb3 Nbd7 10. Bd3 Qa3 11. O-O Be7 12. Rae1 h6 13. Bh4 Nc5 14. e5 Nfe4 15. Nxe4 Nxe4 16. Rxe4 Bxh4 17. exd6 Qxd6 18. Bb5+ Ke7 19. Qxd6+ Kxd6 20. Rd1+ Kc7 21. Be2 b5 22. c4 Bb7 23. Red4 Rhd8 24. Rc1 b4 25. Rcd1 Rxd4 26. Nxd4 Bf6 27. Nf3 a5 28. Ne5 Bxe5 29. fxe5 Rd8 30. Kf2 Rxd1 31. Bxd1 Kb6 32. g3 Kc5 33. Ba4 Kxc4 34. Be8 f6 35. exf6 gxf6 36. Ba4 Kc3 0-1